header

Communication skills (Record no. 252851)

MARC details
000 -LEADER
fixed length control field 00550nam a22001937a 4500
003 - CONTROL NUMBER IDENTIFIER
control field OSt
005 - DATE AND TIME OF LATEST TRANSACTION
control field 20160307122806.0
008 - FIXED-LENGTH DATA ELEMENTS--GENERAL INFORMATION
fixed length control field 160307b xxu||||| |||| 00| 0 eng d
010 ## - LIBRARY OF CONGRESS CONTROL NUMBER
LC control number 2006017829
020 ## - INTERNATIONAL STANDARD BOOK NUMBER
International Standard Book Number 0132327961
040 ## - CATALOGING SOURCE
Transcribing agency N/A
050 ## - LIBRARY OF CONGRESS CALL NUMBER
Classification number HF5718
Item number .C453 2006b
100 ## - MAIN ENTRY--PERSONAL NAME
Personal name O'Connor,Linda.,Rios Francisco.,Cheesebro,Thomas
Dates associated with a name 1946-
245 ## - TITLE STATEMENT
Title Communication skills
Remainder of title preparing for career success
250 ## - EDITION STATEMENT
Edition statement 33rd ed.
260 ## - PUBLICATION, DISTRIBUTION, ETC. (IMPRINT)
Place of publication, distribution, etc Upper Saddle River,NJ
Name of publisher, distributor, etc Pearson Education LTD.
Date of publication, distribution, etc 2006
300 ## - PHYSICAL DESCRIPTION
Extent xi,243p
Other physical details ill
942 ## - ADDED ENTRY ELEMENTS (KOHA)
Source of classification or shelving scheme Library of Congress Classification
Koha item type Long Loan Books
Holdings
Withdrawn status Lost status Source of classification or shelving scheme Damaged status Not for loan Collection code Home library Current library Shelving location Date acquired Total Checkouts Full call number Barcode Date last seen Date checked out Price effective from Koha item type
    Library of Congress Classification     Non-fiction Rongo University Library Rongo University Library General Stacks 07/03/2016 4 HF5718 .C453 2006b 201610712 05/03/2018 19/02/2018 07/03/2016 Long Loan Books

© 2026 Rongo University
Contact us: librarian | system librarian | Rongo university